Las subvenciones en la financiación de los municipios : análisis, experiencia comparada y propuestas para el caso español / Antoni Castells, Ricard Frigola análisis, experiencia comparada y propuestas para el caso español / Antoni Castells, Ricard Frigola
ISBN:
84-505-4742-3
Descripción Física:
213 p. : taules, gràfics ; 24 cm
Otros Autores:
Frigola, Ricard
MARC
| LEADER | 00000nam a2200000Ia 4500 | ||
|---|---|---|---|
| 001 | 18295 | ||
| 008 | 160829s9999 xx 000 0 cat d | ||
| 020 | |a 84-505-4742-3 | ||
| 080 | |a M-5-279 | ||
| 100 | |a Castells, Antoni |9 503 | ||
| 245 | |a Las subvenciones en la financiación de los municipios : |b análisis, experiencia comparada y propuestas para el caso español / Antoni Castells, Ricard Frigola | ||
| 260 | |a Lleida : |b l'Ajuntament : |b la Paeria, [1986?] | ||
| 300 | |a 213 p. : |b taules, gràfics ; |c 24 cm | ||
| 590 | |a Biobliografia | ||
| 650 | |a Finances locals |x Espanya |9 24153 | ||
| 650 | |a Subvencions estatals a l'administració local |x Espanya |9 23161 | ||
| 700 | |a Frigola, Ricard |9 34816 | ||
| 901 | |a Arxiu | ||
| 942 | |n 1 | ||
| 952 | |0 0 |1 0 |4 0 |6 M5279 |7 1 |9 42563 |a Arxiu |b Arxiu |d 2016-12-01 |l 0 |o M-5-279 |p 18295 |r 2016-12-01 00:00:00 |w 2016-12-01 |y ARXIU | ||
| 999 | |c 45068 |d 45068 | ||